Veterinary anaesthesia / (Record no. 66451)
[ view plain ]
| 000 -LEADER | |
|---|---|
| fixed length control field | 00813nam a2200265 a 4500 |
| 001 - CONTROL NUMBER | |
| control field | 66451 |
| 003 - CONTROL NUMBER IDENTIFIER | |
| rucl marc code | BD-RjUL |
| 005 - DATE AND TIME OF LATEST TRANSACTION | |
| control field | 20211209081538.0 |
| 008 - FIXED-LENGTH DATA ELEMENTS--GENERAL INFORMATION | |
| fixed length control field | 170316s2001 enka 001 0 eng |
| 020 ## - INTERNATIONAL STANDARD BOOK NUMBER | |
| International Standard Book Number | 0702020354 |
| 035 ## - SYSTEM CONTROL NUMBER | |
| System control number | (BD-RjUL)66581 |
| 040 ## - CATALOGING SOURCE | |
| Original cataloging agency | BDS |
| Language of cataloging | eng |
| Transcribing agency | BD-RjUL |
| 041 ## - LANGUAGE CODE | |
| Language code of text/sound track or separate title | eng |
| 082 14 - DEWEY DECIMAL CLASSIFICATION NUMBER | |
| Classification number | 636.089796 |
| Edition number | 23 |
| Author mark and year | HAV 2001 |
| 100 1# - MAIN ENTRY--PERSONAL NAME | |
| Personal name | Hall, Leslie W. |
| 9 (RLIN) | 196657 |
| 245 10 - TITLE STATEMENT | |
| Title | Veterinary anaesthesia / |
| Statement of responsibility, etc. | Leslie W Hall, K W Clarke and Christopher Trim |
| 250 ## - EDITION STATEMENT | |
| Edition statement | 10th ed. |
| 260 ## - PUBLICATION, DISTRIBUTION, ETC. (IMPRINT) | |
| Place of publication, distribution, etc. | London : |
| Name of publisher, distributor, etc. | W. B. Saunders, |
| Date of publication, distribution, etc. | c2001. |
| 300 ## - PHYSICAL DESCRIPTION | |
| Pagination | vii, 561 p. : |
| Illustrations | ill. ; |
| Size | 25 cm. |
| 504 ## - BIBLIOGRAPHY, ETC. NOTE | |
| Bibliography, etc | Includes bibliographical references and index |
| 650 #0 - SUBJECT ADDED ENTRY--TOPICAL TERM | |
| Topical term or geographic name as entry element | Veterinary anesthesia. |
| 9 (RLIN) | 196658 |
| 700 1# - ADDED ENTRY--PERSONAL NAME | |
| Personal name | Clarke, K. W. |
| Fuller form of name | (Kathy W.) |
| Personal name | Trim, C. M. |
| Fuller form of name | (Cynthia M.) |
| 942 ## - ADDED ENTRY ELEMENTS (KOHA) | |
| Source of classification or shelving scheme | Dewey Decimal Classification |
| Koha item type | Books |
| Lost status | Source of classification or shelving scheme | Damaged status | Not for loan | Collection code | Permanent Location | Current Location | Shelving location | Date acquired | Source of acquisition | Cost, normal purchase price | Total Checkouts | Full call number | Date last seen | Copy number | Koha item type |
|---|---|---|---|---|---|---|---|---|---|---|---|---|---|---|---|
| Dewey Decimal Classification | Not For Loan | Non-fiction | Central Library, University of Rajshahi | Central Library, University of Rajshahi | 16/03/2009 | Dhaka paragon | 67.00 | 636.089796 HAV 2001 | 16/03/2017 | C-1 | Books |